Electronic Commerce Research
Guardado en:
| Formato: | Seriadas |
|---|---|
| Lenguaje: | inglés |
| Publicado: |
Dordrecht
Springer Science + Business Media
|
| Etiquetas: |
Sin Etiquetas, Sea el primero en etiquetar este registro!
|
MARC
| LEADER | 00000nls a2200000 4500 | ||
|---|---|---|---|
| 001 | 0246173 | ||
| 005 | 20250701092108.5 | ||
| 022 | |a 1572-9362 | ||
| 022 | |a 1389-5753 | ||
| 041 | 0 | |a eng | |
| 044 | |a US | ||
| 245 | 1 | 0 | |a Electronic Commerce Research |
| 264 | 1 | |a Dordrecht |b Springer Science + Business Media | |